000 00271nam a22001097a 4500
008 240710b |||||||| |||| 00| 0 eng d
100 _aSadarangani, Guli
_916767
245 _aSadhna Jo Sapino
260 _aBombay:
_bLok Sewa Mandal
_c1964.
300 _a144p.
942 _cBK
999 _c39894
_d39894